书目信息 |
| 题名: |
用美国小孩的方法学英文
|
|
| 作者: | ;郑春美 译 ;三志社英语研究会 著 | |
| 分册: | ||
| 出版信息: | 北京 化学工业出版社 2010.10 |
|
| 页数: | 292页 | |
| 开本: | 21cm | |
| 丛书名: | ||
| 单 册: | ||
| 中图分类: | H31 | |
| 科图分类: | ||
| 主题词: | 英语--ying yu--儿童教育--自学参考资料 | |
| 电子资源: | ||
| ISBN: | 978-7-122-08315-9 | |
| 000 | 01214nam0 2200301 450 | |
| 001 | B00000061229 | |
| 005 | 20110716160702.75 | |
| 010 | @a978-7-122-08315-9@dCNY49.80 (含光盘) | |
| 010 | @a978-7-89472-288-1@b光盘 | |
| 100 | @a20100809d2010 km y0chiy50 ea | |
| 101 | 0 | @achi@aeng |
| 102 | @aCN@b110000 | |
| 105 | @aa a 001yy | |
| 106 | @ar | |
| 200 | 1 | @a用美国小孩的方法学英文@Ayong mei guo xiao hai de fang fa xue ying wen@e一本神奇瞬间图解单词书@f三志社英语研究会著@g郑春美译 |
| 210 | @a北京@c化学工业出版社@d2010.10 | |
| 215 | @a292页@c彩图@d21cm@e光盘1片 | |
| 320 | @a有索引 | |
| 330 | @a本文以生动的图解及有趣的情境来呈现生活化的英文单词、句子,帮助读者了解单词的用法,并提供了相关的单词、反义词及语法重点等,增进学习的深度和广度。另外还可搭配本书所附的光盘练习听与说能力,多管齐下来加深记忆和有效学习。 | |
| 333 | @a适合成人及中小学生学习英文参考使用。 | |
| 517 | 1 | @a一本神奇瞬间图解单词书@Ayi ben shen qi shun jian tu jie dan ci shu |
| 586 | @a | |
| 606 | 0 | @a英语@Aying yu@x儿童教育@j自学参考资料 |
| 690 | @aH31@v5 | |
| 702 | 0 | @a郑春美@Azheng chun mei@4译 |
| 711 | 02 | @a三志社英语研究会@Asan zhi she ying yu yan jiu hui@4著 |
| 801 | 0 | @aCN@c20110610 |
| 905 | @dH31@eS027@f3 | |
| 用美国小孩的方法学英文:一本神奇瞬间图解单词书/三志社英语研究会著/郑春美译.-北京:化学工业出版社,2010.10 |
| 292页:彩图;21cm+光盘1片 |
| 使用对象:适合成人及中小学生学习英文参考使用。 |
| ISBN 978-7-122-08315-9:CNY49.80 (含光盘) |
| 本文以生动的图解及有趣的情境来呈现生活化的英文单词、句子,帮助读者了解单词的用法,并提供了相关的单词、反义词及语法重点等,增进学习的深度和广度。另外还可搭配本书所附的光盘练习听与说能力,多管齐下来加深记忆和有效学习。 |
| ● |
| 相关链接 |
|
|
|
正题名:用美国小孩的方法学英文
索取号:H31/S027
 
预约/预借
| 序号 | 登录号 | 条形码 | 馆藏地/架位号 | 状态 | 备注 |
| 1 | 885345 | 208853454 | 语言库209/209语言库 85排4列4层/ [索取号:H31/S027] | 在馆 | |
| 2 | 885346 | 208853463 | 语言库209/ [索取号:H31/S027] | 在馆 | |
| 3 | 885347 | 208853472 | 语言库209/209语言库 85排4列4层/ [索取号:H31/S027] | 在馆 |